000
00244nam a2200097Ia 4500
001
717059
005
20250826162956.0
008
250824s9999 xx 000 0 und d
245
0
_a
YARINKİ TÜRKİYE
_c
NURETTİN TOPÇU
260
_b
DERGAH YAYINLARI
999
_c
717059
_d
717059